Jornada de Omagua y Dorado: historia de Lope de Aguirre, sus crímenes y locuras
Guardat en:
| Autor principal: | |
|---|---|
| Format: | Llibre |
| Idioma: | espanyol |
| Publicat: |
Buenos Aires
Espasa-Calpe
1945
|
| Edició: | 2a. ed |
| Matèries: | |
| Etiquetes: |
Afegir etiqueta
Sense etiquetes, Sigues el primer a etiquetar aquest registre!
|
MARC
| LEADER | 00000nam a2200000 a 4500 | ||
|---|---|---|---|
| 001 | UCI5477 | ||
| 003 | CL-VaPUC | ||
| 008 | 080328e19450000AG |||||||||||||||||spa|d | ||
| 082 | 0 | 4 | |a 863.9 |b VAZ |2 21 |
| 100 | 0 | |a Vázquez, Francisco |e author |9 527866 | |
| 245 | 1 | 0 | |a Jornada de Omagua y Dorado: historia de Lope de Aguirre, sus crímenes y locuras |
| 250 | |a 2a. ed | ||
| 300 | |a 169 p | ||
| 942 | |c BK | ||
| 945 | |d 20080328 00:00:00 |a jtorresc | ||
| 260 | |a Buenos Aires |b Espasa-Calpe |c 1945 | ||
| 650 | 7 | |a LITERATURA ESPAÑOLA SIGLO 20 |2 CL-VaPUC |9 343079 | |
| 650 | 7 | |a FICCION HISTORICA |2 CL-VaPUC |9 527867 | |
| 650 | 0 | |a Historia y crítica |9 257407 | |
| 583 | |a last modification |c 20160913 09:34:06 |k Rodrigo Vera | ||
| 999 | |c 329216 |d 329214 | ||
| 952 | |0 0 |1 0 |4 0 |6 863_900000000000000_VAZ_1945 |7 0 |8 A |9 413585 |a BIBHIS |b BIBHIS |d 2019-11-22 |i 4416872 |l 3 |o 863.9 VAZ 1945 |p 4416872 |r 2025-01-20 |s 2020-04-17 |w 2019-11-22 |y BK |k HIS | ||